NBA players by career MVP award shares - Statistics

General Stats
  • This quiz has been taken 80 times
  • The average score is 18 of 20
Answer Stats
Hint Answer % Correct
8.815 LeBron James
100%
6.105 Kareem Abdul-Jabbar
99%
8.115 Michael Jordan
99%
4.202 Kobe Bryant
97%
4.152 Wilt Chamberlain
97%
3.210 Kevin Durant
96%
4.380 Shaquille Oneal
96%
4.748 Bill Russell
94%
3.511 Giannis Antetokounmpo
94%
5.612 Larry Bird
94%
5.104 Magic Johnson
93%
4.278 Tim Duncan
93%
4.296 Karl Malone
90%
2.854 Moses Malone
90%
2.738 Nikola Jokic
88%
3.656 James Harden
87%
3.123 David Robinson
75%
2.671 Bob Pettit
72%
2.753 Kevin Garnett
67%
3.551 Julius Erving
64%
No matching quizzes found
Score Distribution
Percent of People with Each Score
Percentile by Number Answered
Your Score History
You have not taken this quiz